| Tag |
First Indicator |
Second Indicator |
Subfields |
| LEADER |
00000cam a2200000 4500 |
| 001 |
in00003440913 |
| 005 |
20151206103536.0 |
| 008 |
780208s1932 enkc 00010 eng |
| 010 |
|
|
|a 33008084
|
| 035 |
|
|
|a (OCoLC)ocm03619101
|
| 040 |
|
|
|a DLC
|c ZXC
|d TNY
|d UtOrBLW
|
| 082 |
0 |
|
|a 923.242
|
| 090 |
|
|
|a HB103.A8
|b A75
|
| 100 |
1 |
|
|a Ashley, Annie,
|d 1889-
|
| 245 |
1 |
0 |
|a William James Ashley ;
|b a life /
|c by his daughter Anne Ashley, with a chapter by J. H. Muirhead and a foreword by StanleyBaldwin.
|
| 264 |
|
1 |
|a London :
|b P. S. King,
|c 1932.
|
| 300 |
|
|
|a vi, 176 pages :
|b 2 portrait (including frontispiece) ;
|c 23 cm.
|
| 336 |
|
|
|a text
|b txt
|2 rdacontent
|
| 337 |
|
|
|a unmediated
|b n
|2 rdamedia
|
| 338 |
|
|
|a volume
|b nc
|2 rdacarrier
|
| 600 |
1 |
0 |
|a Ashley, W. J.
|q (William James),
|d 1860-1927.
|
| 700 |
1 |
|
|a Muirhead, John H.
|q (John Henry),
|d 1855-1940.
|
| 999 |
|
|
|a MARS
|
| 999 |
f |
f |
|s a9719d15-710c-31f9-a789-9c368c7ff2d9
|i 4c3e7d0c-2f73-344c-b4f2-7bfdb9d49847
|t 0
|
| 952 |
f |
f |
|p ric
|a Texas A&M University
|b Rellis Campus
|c Joint Library Facility
|d Remote Storage
|t 0
|e HB103.A8 A75
|h Library of Congress classification
|i unmediated -- volume
|m 32060004155699
|
| 998 |
f |
f |
|a HB103.A8 A75
|t 0
|l Remote Storage
|